| 000 | 00470nam a2200193Ia 4500 | ||
|---|---|---|---|
| 003 | GCL | ||
| 008 | 140319s9999 xx 000 0 eng d | ||
| 040 |
_aGCL / _cGCL |
||
| 082 | 0 | 4 |
_a729 _bP F |
| 100 | 1 | _aKAPILCKY,JAN | |
| 245 | 1 | 0 |
_aFUTURE SYSTEMS / _cKAPILCKY,JAN |
| 700 | 1 | _aPAWLEY,MARTIN | |
| 700 | 1 | _aLEVETE,AMANDA | |
| 260 |
_a[S.N] : _bBIRKHAUSER VERLAG ، _c1993 |
||
| 300 | _a156 P | ||
| 650 | 0 | 4 | _aARCHITECTURE |
| 650 | 0 | 4 | _aDECORATION |
| 942 |
_2ddc _cBK |
||
| 999 |
_c16498 _d16498 |
||